| 000 | 00387nam a2200169Ia 4500 | ||
|---|---|---|---|
| 008 | 210210b1993 xxu||||| |||| 00| 0 eng d | ||
| 020 | _a0863189784 | ||
| 041 | _aeng | ||
| 082 | _a616.0252 FIRS | ||
| 100 | _aFIRST AID | ||
| 245 | _aFIRST AID manual. | ||
| 260 |
_aLondon _bDorling Kindersley, _c1993 |
||
| 300 | _a26 | ||
| 650 | _aFirst Aid | ||
| 690 | _aDiseases | ||
| 906 | _a049491 | ||
| 999 |
_c98416 _d98416 |
||